LEADER 01389nam1 2200421 450 001 000005257 005 20180620121550.0 100 $a20180620d1974----km-y0itay0103----ba 101 0 $aita 102 $aIT 200 1 $aTrattato di scienza e tecnica delle produzioni animali$fdi Telesforo Bonadonna ... [et al.]$gcoordinamento di P. Masoero e L. Giulio 210 $aTorino$cUTET$dc1974 215 $av.$cill.$d25 cm. 463 \1$1001000005259$12001 $a<<4:>> Fisiologia della nutrizione 606 $aZootecnia 676 $a636$9Zootecnia 701 1$aBonadonna,$bTelesforo$f<1901-1987>$073155 701 1$aFalaschini,$bAlfio$0439520 701 1$aFerrara,$bBeniamino$0353441 702 1$aMasoero,$bProspero 702 1$aGiulio,$bLudovico 801 0$aIT$bUniversità della Basilicata - B.I.A.$gRICA$2unimarc 912 $a000005257 996 $aTrattato di scienza e tecnica delle produzioni animali$974508 997 $aUNIBAS BAS $aMONAGR BAS $aMONOGR BAS $aAGRARIA CAT $aMEDURI$b01$c20000810$lBAS01$h1215 CAT $c20000920$lBAS01$h1833 CAT $c20001010$lBAS01$h1636 CAT $c20050601$lBAS01$h1753 CAT $abatch$b01$c20050718$lBAS01$h1048 CAT $c20050718$lBAS01$h1107 CAT $c20050718$lBAS01$h1137 CAT $c20050718$lBAS01$h1152 CAT $aATR$b20$c20180620$lBAS01$h1215 FMT LEADER 01059nam--2200373---450- 001 990000672190203316 005 20090123143948.0 010 $a0-262-57073-4 035 $a0067219 035 $aUSA010067219 035 $a(ALEPH)000067219USA01 035 $a0067219 100 $a20011012d1990----km-y0itay0103----ba 101 $aeng 102 $aGB 105 $a||||||||001yy 200 1 $a<> evolution of central banks$fCharles Goodhart 210 $aCambridge$cMIT$d1990 215 $aVI, 205 p.$d21 cm 410 $12001 606 0 $aBanche centrali$xStoria 676 $a332.1109 700 1$aGOODHART,$bCharles$0116084 801 0$aIT$bsalbc$gISBD 912 $a990000672190203316 951 $a332.110 GOO 1 (IEP III 421)$b69333 EC$cIEP III$d00011458 959 $aBK 969 $aECO 979 $aPATTY$b90$c20011012$lUSA01$h1946 979 $c20020403$lUSA01$h1716 979 $aPATRY$b90$c20040406$lUSA01$h1646 979 $aRSIAV1$b90$c20090123$lUSA01$h1439 996 $aEvolution of central banks$917736 997 $aUNISA